The birth and death of the sun ; stellar evolution and sub-atomic energy /

Bibliographic Details
Main Author: Gamow, George, 1904-1968
Format: Book
Language:English
Published: New York : Viking press, 1940.
Subjects:

MARC

Tag First Indicator Second Indicator Subfields
LEADER 00000cam a2200000 4500
001 in00000052191
005 20151007070022.0
008 740215r19401940nyu 00000 eng u
010 |a  40027571  
035 |a (OCoLC)00804206 
035 |9 AAE3170AM 
040 |c CWR  |d TXA  |d UtOrBLW 
049 |a TXAM  |c 1 [117829]  |c 2 [138942] 
050 0 0 |a QB44  |b .G26 
092 |a 523  |b G194b 
100 1 |a Gamow, George,  |d 1904-1968. 
245 1 4 |a The birth and death of the sun ;  |b stellar evolution and sub-atomic energy /  |c [by] George Gamow ... illustrated by the author. 
264 1 |a New York :  |b Viking press,  |c 1940. 
300 |a xiv, 238 pages :  |b illustrations ;  |c 22 cm. 
336 |a text  |b txt  |2 rdacontent 
337 |a unmediated  |b n  |2 rdamedia 
338 |a volume  |b nc  |2 rdacarrier 
500 |a Charts on lining-papers. 
500 |a "First published in June 1940." 
651 0 |a Sun. 
650 0 |a Stars. 
650 0 |a Atoms. 
999 |a MARS 
999 f f |s be5ce509-a2d8-30d5-80ae-c4d3e3339ce3  |i db2fba63-96a3-3258-a45d-5443498860f0  |t 0 
952 f f |p ric  |a Texas A&M University  |b Rellis Campus  |c Joint Library Facility  |d Remote Storage  |t 0  |e QB44 .G26  |h Library of Congress classification  |i unmediated -- volume  |m A14800899862 
952 f f |p normal  |a Texas A&M University  |b College Station  |c Sterling C. Evans Library  |d Evans: Library Stacks  |t 0  |e QB44 .G26  |h Library of Congress classification  |i unmediated -- volume  |m A14800899854 
998 f f |a QB44 .G26  |t 0  |l Evans: Library Stacks 
998 f f |a QB44 .G26  |t 0  |l Remote Storage